00630nam a2200205 a 450000100060000000300080000600500170001400800410003103500190007204000270009104100080011808200250012610000160015124500740016725000120024126000590025330000250031250000190033760000680035663274BD-RjUL20211209081157.0170129s1965 enk 001 0 eng d a(BD-RjUL)63403 aIRUcIRUdBD-RjULbeng aeng 223a822.33bWAL 19651 aWain, John.14aThe living world of Shakespeare :ba playgoer's guide /cby John Wain a1st ed. aLondon :bSt. Martin's Press,c1964 [ reprinted 1965]. axii, 238 p. ;c23 cm aIncludes index10aShakespeare, William,d1564-1616xCriticism and interpretation.